000 00440nam a2200169Ia 4500
008 230524s9999 xx 000 0 und d
082 _a621.382
_bOLI
100 _aBernard M.Oliver(Editer)
_945353
245 0 _aElectronic Measurements and Instrumentation
250 _a1ST
260 _aNEW DELHI
_bMGH
_c2003
300 _aXIII;692
500 _aQuantity Number: 11
650 _aElectronics
700 _a John M.Cage
942 _cBK
999 _c36506
_d36506